[Event "Tbilisi Champions Cup"]
[Site "Tbilisi"]
[Date "2023.10.21"]
[Round "9"]
[White "Kviriashvili, Andria"]
[Black "Kiladze, Luka"]
[Result "0-1"]
[WhiteElo "1872"]
[BlackElo "2163"]
[PlyCount "56"]
[EventDate "2023.10.13"]
[EventType "swiss"]
[EventRounds "9"]
[EventCountry "GEO"]
[SourceTitle "Mega2024 Update 01"]
[Source "Chessbase"]
[SourceDate "2023.11.12"]
[SourceVersion "1"]
[SourceVersionDate "2023.11.12"]
[SourceQuality "1"]

1. e4 c5 2. c3 e5 3. Nf3 Nc6 4. Bb5 a6 5. Bc4 Nf6 6. Qe2 Be7 7. d4 cxd4 8. cxd4 d5 9. dxe5 Nxe4 10. Bd3 Nc5 11. Nbd2 Nxd3+ 12. Qxd3 Nb4 13. Qb3 d4 14. 0-0 Bf5 15. Ng5 0-0 16. Nge4 d3 17. a3 Nc2 18. Qa2 Nxa1 19. Ng3 Be6 20. Qxa1 Rc8 21. b4 a5 22. Nde4 axb4 23. axb4 Bxb4 24. Bg5 Qd5 25. f4 Bg4 26. Bh6 d2 27. e6 f6 28. Bxg7 Kxg7 0-1

[Event "EU-ch U12 31st"]
[Site "Mamaia"]
[Date "2023.09.12"]
[Round "7"]
[White "Ambartsumian, Tyhran"]
[Black "Kviriashvili, Andria"]
[Result "1-0"]
[WhiteElo "1877"]
[BlackElo "1795"]
[PlyCount "107"]
[EventDate "2023.09.05"]
[EventType "swiss"]
[EventRounds "9"]
[EventCountry "ROU"]
[SourceTitle "EXT 2024"]
[Source "ChessBase"]
[SourceDate "2023.10.10"]
[SourceVersion "1"]
[SourceVersionDate "2023.10.10"]
[SourceQuality "1"]

1. e4 Nf6 2. e5 Nd5 3. c4 Nb6 4. d4 d6 5. exd6 cxd6 6. Nc3 g6 7. Be3 Bg7 8. Rc1 0-0 9. b3 e5 10. dxe5 dxe5 11. Qxd8 Rxd8 12. c5 N6d7 13. Bc4 Nc6 14. Nf3 Na5 15. Be2 Nf8 16. Nb5 Be6 17. 0-0 Nc6 18. Rfd1 Nb4 19. Nc7 Rxd1+ 20. Rxd1 Rc8 21. Nxe6 Nxe6 22. Bc4 Nxc5 23. Ng5 Bf8 24. Bxf7+ Kg7 25. Bc4 b5 26. Bxb5 h6 27. Nf3 Nxa2 28. Ra1 a6 29. Bc4 Nb4 30. Nxe5 Nc2 31. Rf1 Nxe3 32. fxe3 Rc7 33. Nxg6 Bd6 34. Nh4 Be5 35. Rd1 a5 36. Rd5 Kf6 37. Nf3 Bc3 38. Nd4 Ne4 39. Rf5+ Kg6 40. Rb5 Bd2 41. Rb6+ Kh7 42. Nf5 Rxc4 43. bxc4 a4 44. Rxh6+ Kg8 45. Ra6 Nc5 46. Ra8+ Kf7 47. h4 Bc1 48. h5 a3 49. h6 Kg6 50. g4 Bb2 51. Kg2 Nd3 52. Ra6+ Kg5 53. h7 Nb4 54. Rxa3 1-0

[Event "EU-ch U12 31st"]
[Site "Mamaia"]
[Date "2023.09.06"]
[Round "2"]
[White "Ritzerveld, Noah"]
[Black "Kviriashvili, Andria"]
[Result "1-0"]
[WhiteElo "2074"]
[BlackElo "1795"]
[PlyCount "85"]
[EventDate "2023.09.05"]
[EventType "swiss"]
[EventRounds "9"]
[EventCountry "ROU"]
[SourceTitle "EXT 2024"]
[Source "ChessBase"]
[SourceDate "2023.10.10"]
[SourceVersion "1"]
[SourceVersionDate "2023.10.10"]
[SourceQuality "1"]

1. e4 e6 2. d4 d5 3. Nc3 Nf6 4. e5 Nfd7 5. f4 c5 6. Nf3 Nc6 7. Be3 a6 8. a3 b5 9. Bd3 Qb6 10. 0-0 cxd4 11. Bf2 Bc5 12. Na2 Qc7 13. b4 Bb6 14. Qd2 f6 15. Rae1 0-0 16. Bg3 f5 17. Bf2 Bb7 18. Nc1 Rfc8 19. Nb3 Nf8 20. Kh1 Qf7 21. Rc1 Rc7 22. Nfxd4 Nxd4 23. Bxd4 Bxd4 24. Nxd4 Rc4 25. Bxc4 dxc4 26. Nf3 Bd5 27. Rcd1 h6 28. Qe3 Qb7 29. h3 Ng6 30. Rd4 Kh7 31. Rfd1 Rd8 32. Kh2 Ne7 33. c3 Re8 34. R4d2 Rc8 35. Nd4 Rd8 36. Nxe6 Rg8 37. Nc5 Qc6 38. e6 g5 39. Qe5 Bf3 40. Rd7 Rg7 41. Rxe7 Rxe7 42. Qxf5+ Kg7 43. Rd7 1-0

[Event "Wch U12 rapid"]
[Site "Batumi"]
[Date "2023.06.08"]
[Round "9"]
[White "Kviriashvili, Andria"]
[Black "Golubovic, Erik"]
[Result "1-0"]
[WhiteElo "1516"]
[BlackElo "1786"]
[PlyCount "77"]
[EventDate "2023.06.06"]
[EventType "swiss (rapid)"]
[EventRounds "11"]
[EventCountry "GEO"]
[SourceTitle "EXT 2024"]
[Source "ChessBase"]
[SourceDate "2023.10.10"]
[SourceVersion "1"]
[SourceVersionDate "2023.10.10"]
[SourceQuality "1"]
[WhiteTeam "Georgia"]
[BlackTeam "Croatia"]
[WhiteTeamCountry "GEO"]
[BlackTeamCountry "CRO"]

1. e4 c5 2. c3 Nf6 3. e5 Nd5 4. d4 cxd4 5. Nf3 d6 6. cxd4 Nc6 7. Bc4 Nb6 8. Bb5 dxe5 9. Nxe5 Bd7 10. Nxd7 Qxd7 11. Nc3 Rd8 12. 0-0 e6 13. Be3 Be7 14. Qg4 0-0 15. Rad1 f5 16. Qf3 f4 17. Bxf4 g5 18. Ne2 gxf4 19. Nxf4 Kh8 20. Qe4 Rf6 21. Rfe1 a6 22. Bd3 Bd6 23. Nh3 Rg8 24. Qh4 Qg7 25. Ng5 h6 26. Qe4 hxg5 27. Re3 Rh6 28. g3 Nd5 29. Ree1 Nxd4 30. Bb1 Nc6 31. Kg2 Rf8 32. Re2 Bc5 33. a3 Nd4 34. Red2 Nf3 35. Rc2 Rxh2+ 36. Kf1 Nd4 37. Rcd2 Qf6 38. f4 Rh1+ 39. Qxh1+ 1-0

[Event "Wch U12"]
[Site "Batumi"]
[Date "2022.09.27"]
[Round "11"]
[White "Kviriashvili, Andria"]
[Black "Sowinski, Pawel"]
[Result "0-1"]
[WhiteElo "1669"]
[BlackElo "2050"]
[PlyCount "118"]
[EventDate "2022.09.16"]
[EventType "swiss"]
[EventRounds "11"]
[EventCountry "GEO"]
[SourceTitle "EXT 2023"]
[Source "ChessBase"]
[SourceDate "2022.10.05"]
[SourceVersion "1"]
[SourceVersionDate "2022.10.05"]
[SourceQuality "1"]

1. e4 c6 2. d4 d5 3. Nc3 dxe4 4. Nxe4 Bf5 5. Ng3 Bg6 6. h4 h6 7. Nf3 Nd7 8. h5 Bh7 9. Bd3 Bxd3 10. Qxd3 e6 11. Bd2 Ngf6 12. 0-0-0 Be7 13. Ne4 Nxe4 14. Qxe4 Nf6 15. Qe2 Qd5 16. c4 Qe4 17. Qxe4 Nxe4 18. Be3 f5 19. Nd2 Nxd2 20. Rxd2 Rd8 21. Rhd1 Kf7 22. f4 Bd6 23. Kb1 Rd7 24. d5 exd5 25. cxd5 c5 26. g3 Re8 27. Bf2 Rde7 28. b4 c4 29. Bxa7 Bxb4 30. d6 Bxd2 31. dxe7 c3 32. Kc2 Ra8 33. Bc5 b6 34. Bd6 Rxa2+ 35. Kd3 c2 36. Rxd2 c1Q 37. Rxa2 Qc6 38. e8Q+ Kxe8 39. Re2+ Kd7 40. Be5 Qf3+ 41. Re3 Qxh5 42. Bxg7 Kd6 43. Bf8+ Kd7 44. Re7+ Kd8 45. Re3 Qd1+ 46. Kc4 Qa4+ 47. Bb4 b5+ 48. Kc3 Qa2 49. Bd6 Kd7 50. Be5 Kc6 51. Rd3 h5 52. Bd4 Qc4+ 53. Kd2 b4 54. Be5 Kb5 55. Ke3 Qe4+ 56. Kd2 Qg2+ 57. Kc1 Ka4 58. Rd8 Qxg3 59. Ra8+ Kb3 0-1

[Event "Wch U12"]
[Site "Batumi"]
[Date "2022.09.23"]
[Round "7"]
[White "Kviriashvili, Andria"]
[Black "Lebedev, Artem S"]
[Result "1/2-1/2"]
[WhiteElo "1669"]
[BlackElo "1932"]
[PlyCount "43"]
[EventDate "2022.09.16"]
[EventType "swiss"]
[EventRounds "11"]
[EventCountry "GEO"]
[SourceTitle "EXT 2023"]
[Source "ChessBase"]
[SourceDate "2022.10.05"]
[SourceVersion "1"]
[SourceVersionDate "2022.10.05"]
[SourceQuality "1"]

1. e4 e5 2. Nf3 Nc6 3. Bb5 a6 4. Bxc6 dxc6 5. 0-0 Bd6 6. d4 exd4 7. Qxd4 f6 8. Nc3 Ne7 9. Re1 Ng6 10. Qc4 Qe7 11. Nd4 Qf7 12. Qxf7+ Kxf7 13. g3 Ne5 14. Kg2 Bc5 15. Nf3 Nxf3 16. Kxf3 Be6 17. Be3 Be7 18. Ne2 Rhd8 19. Nd4 Bc8 20. Rad1 Bc5 21. Ne2 Be6 22. Bf4 1/2-1/2

[Event "Wch U12"]
[Site "Batumi"]
[Date "2022.09.19"]
[Round "4"]
[White "Kviriashvili, Andria"]
[Black "Kuru, Atilla"]
[Result "1/2-1/2"]
[WhiteElo "1669"]
[BlackElo "2042"]
[PlyCount "142"]
[EventDate "2022.09.16"]
[EventType "swiss"]
[EventRounds "11"]
[EventCountry "GEO"]
[SourceTitle "EXT 2023"]
[Source "ChessBase"]
[SourceDate "2022.10.05"]
[SourceVersion "1"]
[SourceVersionDate "2022.10.05"]
[SourceQuality "1"]

1. e4 e6 2. d4 d5 3. Nd2 c5 4. exd5 Qxd5 5. Ngf3 cxd4 6. Bc4 Qd6 7. 0-0 Nf6 8. Nb3 Nc6 9. Nbxd4 Nxd4 10. Qxd4 Qxd4 11. Nxd4 a6 12. a4 Bc5 13. Rd1 0-0 14. Bf4 Re8 15. Nb3 Ba7 16. Be5 Bxf2+ 17. Kxf2 Ng4+ 18. Kg1 Nxe5 19. Be2 Bd7 20. Nc5 Bc6 21. b4 Rac8 22. c4 Ng6 23. g3 Ne5 24. Kf2 h5 25. h3 h4 26. g4 Re7 27. Rd6 a5 28. bxa5 Be8 29. Nb3 Nxc4 30. Rd4 Ne5 31. a6 bxa6 32. Bxa6 Rc2+ 33. Be2 Rb7 34. Nc1 Bc6 35. a5 Ra7 36. Nb3 Bb5 37. Rd8+ Kh7 38. Nd4 Rxe2+ 39. Nxe2 Nc6 40. Rc8 Rxa5 41. Rxa5 Nxa5 42. Rc5 Bxe2 43. Kxe2 Nb7 44. Rh5+ Kg8 45. g5 Nd6 46. Rxh4 Nf5 47. Ra4 Kh7 48. Kf3 Kg6 49. Kf4 f6 50. gxf6 gxf6 51. Ra8 e5+ 52. Ke4 Nd6+ 53. Kd5 Nf7 54. h4 Kf5 55. Ra1 Nh6 56. Rf1+ Kg6 57. Ke6 Ng4 58. Rg1 f5 59. h5+ Kxh5 60. Kxf5 Nh6+ 61. Kxe5 Ng4+ 62. Kf4 Nh6 63. Rg5+ Kh4 64. Rg1 Kh5 65. Rg7 Kh4 66. Rg5 Nf7 67. Rg6 Kh5 68. Rg7 Nh6 69. Rg5+ Kh4 70. Rg6 Kh5 71. Rf6 Ng8 1/2-1/2

[Event "EU-ch Hybrid U10"]
[Site "Tornelo INT"]
[Date "2021.10.15"]
[Round "6"]
[White "Ochedzan, Filip"]
[Black "Kviriashvili, Andria"]
[Result "1-0"]
[WhiteElo "1696"]
[BlackElo "1406"]
[PlyCount "131"]
[EventDate "2021.10.15"]
[EventType "swiss"]
[EventRounds "9"]
[EventCountry "NET"]
[SourceTitle "EXT 2023"]
[Source "ChessBase"]
[SourceDate "2022.10.05"]
[SourceVersion "1"]
[SourceVersionDate "2022.10.05"]
[SourceQuality "1"]
[WhiteTeam "Poland"]
[BlackTeam "Georgia"]
[WhiteTeamCountry "POL"]
[BlackTeamCountry "GEO"]

1. e4 e6 2. d4 d5 3. Nc3 Nf6 4. e5 Nfd7 5. f4 c5 6. Nf3 Nc6 7. Be3 a6 8. a3 b5 9. dxc5 Bxc5 10. Bxc5 Nxc5 11. b4 Nd7 12. Bd3 Qb6 13. Qd2 Bb7 14. Qf2 Rc8 15. Qxb6 Nxb6 16. Ne2 Nc4 17. Ned4 Nxd4 18. Nxd4 Ke7 19. 0-0 g6 20. Rfb1 Nb6 21. h3 h5 22. Kf2 Na4 23. Ke3 Rc7 24. g3 Rg8 25. Rb3 f6 26. exf6+ Kxf6 27. Nf3 Nb6 28. Re1 Rgc8 29. Kf2 Nd7 30. Rbb1 Rc3 31. Ra1 Nf8 32. Re3 Bc6 33. Nd4 Be8 34. g4 R8c7 35. g5+ Kf7 36. h4 Rc8 37. Nb3 R3c6 38. Rae1 Rd6 39. Nd4 Rb6 40. f5 gxf5 41. Bxf5 Bd7 42. Bd3 Re8 43. Nf3 Kg7 44. Ne5 Re7 45. Rf3 Be8 46. Rf6 Nd7 47. Nxd7 Bxd7 48. Rh6 Be8 49. Ke3 Kg8 50. Rf1 Rf7 51. Rxf7 Bxf7 52. g6 Be8 53. Rxh5 Rb7 54. Re5 Re7 55. h5 Kg7 56. Kd4 Kf6 57. Re1 Rc7 58. Rf1+ Kg7 59. Ke5 Kh6 60. Rf8 Bxg6 61. hxg6 Kg7 62. Ra8 Rc6 63. Ra7+ Kg8 64. Re7 Rc3 65. Kf6 Rc8 66. Kxe6 1-0

[Event "EU-ch Hybrid U10"]
[Site "Tornelo INT"]
[Date "2021.10.15"]
[Round "2"]
[White "Petukhov, Dmitriy1111"]
[Black "Kviriashvili, Andria"]
[Result "1-0"]
[WhiteElo "1769"]
[BlackElo "1406"]
[PlyCount "133"]
[EventDate "2021.10.15"]
[EventType "swiss"]
[EventRounds "9"]
[EventCountry "NET"]
[SourceTitle "EXT 2023"]
[Source "ChessBase"]
[SourceDate "2022.10.05"]
[SourceVersion "1"]
[SourceVersionDate "2022.10.05"]
[SourceQuality "1"]
[WhiteTeam "Russia"]
[BlackTeam "Georgia"]
[WhiteTeamCountry "RUS"]
[BlackTeamCountry "GEO"]

1. c4 e6 2. d4 d5 3. cxd5 exd5 4. Nc3 Nf6 5. Nf3 Be7 6. Qc2 0-0 7. Bg5 b6 8. e3 Bb7 9. Bd3 h6 10. Bh4 Nbd7 11. 0-0 Re8 12. Bg3 c6 13. h3 Nf8 14. Rac1 Bd6 15. Ne5 Qe7 16. Bh2 N6d7 17. Nxd7 Bxh2+ 18. Kxh2 Nxd7 19. Ne2 Nf6 20. Ng3 Qd6 21. Kg1 Rac8 22. Qe2 Rc7 23. Nf5 Qe6 24. Qf3 Rd7 25. Qg3 g6 26. Nxh6+ Kh7 27. Qg5 Kh8 28. Ng4 Nxg4 29. hxg4 Kh7 30. g3 Rh8 31. Kg2 Rdd8 32. Rh1+ Kg7 33. Rh5 Qf6 34. Qxf6+ Kxf6 35. Rxh8 Rxh8 36. b4 Ke6 37. g5 Kd6 38. f4 Bc8 39. a4 Bg4 40. Rb1 Re8 41. Re1 c5 42. bxc5+ bxc5 43. dxc5+ Kxc5 44. Bb5 Re7 45. Rc1+ Kb4 46. Kf2 Kb3 47. Rc5 Be6 48. Ke2 Kb4 49. Rc1 Bf5 50. Kd2 Be4 51. Rc8 Bf5 52. Re8 Rc7 53. Bd3 Bd7 54. Re7 Kxa4 55. Rxf7 Rb7 56. Bxg6 a5 57. Rxd7 Rb2+ 58. Kc3 Re2 59. Kd3 Rg2 60. Rxd5 Rxg3 61. Be8+ Kb4 62. Rb5+ Ka4 63. Rb1+ Ka3 64. Ra1+ Kb4 65. Kd4 Rg2 66. Ra4+ Kb3 67. Rxa5 1-0

[Event "Wch FIDE Online U10 Europe qual"]
[Site "Tornelo INT"]
[Date "2020.12.08"]
[Round "5"]
[White "Karvatskyi, Oleksii"]
[Black "Kviriashvili, Andria"]
[Result "0-1"]
[WhiteElo "1760"]
[BlackElo "1405"]
[PlyCount "148"]
[EventDate "2020.12.07"]
[EventType "swiss (rapid)"]
[EventRounds "7"]
[EventCountry "ISS"]
[SourceTitle "EXT 2022"]
[Source "ChessBase"]
[SourceDate "2021.10.06"]
[SourceVersion "1"]
[SourceVersionDate "2021.10.06"]
[SourceQuality "1"]

1. e4 e6 2. d4 d5 3. Bd3 dxe4 4. Bxe4 Nf6 5. Bf3 Nbd7 6. Ne2 Be7 7. 0-0 0-0 8. Nbc3 c5 9. Be3 Qc7 10. h3 Rd8 11. Qe1 a6 12. a4 Qb6 13. dxc5 Bxc5 14. Bxc5 Nxc5 15. b3 Bd7 16. Rd1 Bc6 17. Bxc6 Qxc6 18. Rxd8+ Rxd8 19. Qa1 Nce4 20. Nxe4 Qxe4 21. Rd1 Nd5 22. Nd4 Rc8 23. c4 Nf4 24. f3 Qe3+ 25. Kh1 Qf2 26. Rg1 Qg3 27. Qf1 Nh5 28. Ne2 Qe5 29. Qf2 Qxe2 30. Qh4 Nf6 31. Re1 Qc2 32. Re3 Qc1+ 33. Re1 Qc3 34. Rb1 Qc2 35. Qe1 Rd8 36. c5 Qxc5 37. Rc1 Qd6 38. Qa5 Nd5 39. Rd1 Rc8 40. Qd2 Qc5 41. Qg5 Qc2 42. Re1 Qxb3 43. Re4 Qb1+ 44. Kh2 Qb2 45. h4 Qf6 46. Qg4 Qf5 47. Qg3 h6 48. Rg4 Qf6 49. Qd6 Rc2 50. Qb8+ Kh7 51. Qg3 Ne3 52. Qh3 Rxg2+ 53. Rxg2 Nxg2 54. Kxg2 Qb2+ 55. Kg3 Qe5+ 56. Kf2 Qd4+ 57. Kg3 Qxa4 58. Qf1 Qc6 59. h5 b5 60. Qb1+ f5 61. Kh4 Qc4+ 62. Kh3 a5 63. f4 a4 64. Qb2 Qb3+ 65. Qxb3 axb3 66. Kh4 b2 67. Kh3 b1Q 68. Kh4 Qg1 69. Kh3 b4 70. Kh4 b3 71. Kh3 b2 72. Kh4 b1Q 73. Kh3 Qd3+ 74. Kh4 Qdg3# 0-1

[Event "Wch FIDE Online U10 Europe qual"]
[Site "Tornelo INT"]
[Date "2020.12.07"]
[Round "1"]
[White "Kviriashvili, Andria"]
[Black "Grooten, Tommy"]
[Result "1-0"]
[WhiteElo "1405"]
[BlackElo "1897"]
[PlyCount "63"]
[EventDate "2020.12.07"]
[EventType "swiss (rapid)"]
[EventRounds "7"]
[EventCountry "ISS"]
[SourceTitle "EXT 2022"]
[Source "ChessBase"]
[SourceDate "2021.10.06"]
[SourceVersion "1"]
[SourceVersionDate "2021.10.06"]
[SourceQuality "1"]

1. e4 c5 2. c3 Nf6 3. e5 Nd5 4. d4 cxd4 5. Nf3 Nc6 6. cxd4 d6 7. Bc4 e6 8. Bxd5 exd5 9. 0-0 Be7 10. Nc3 dxe5 11. Nxe5 Nxe5 12. dxe5 Be6 13. Qd4 Qa5 14. Be3 b6 15. Rad1 Rd8 16. Qf4 0-0 17. a3 Rd7 18. Qg3 Rfd8 19. Bd4 Qa6 20. f4 Bc5 21. f5 Bxd4+ 22. Rxd4 Qa5 23. fxe6 fxe6 24. Qg4 Re7 25. Ne2 Qc5 26. b4 Qc2 27. Rdf4 a5 28. Nd4 Qc3 29. Nxe6 Qe3+ 30. Kh1 Rc8 31. Rf8+ Rxf8 32. Rxf8# 1-0